000 00511nam a2200217Ia 4500
003 0100
008 130227s9999 xx 000 0 und d
040 _cARRUPELIB
050 _aDT3341.N48 1995
100 _aNewitt, Malyn
245 2 _aA history of Mozambique
260 _aLondon
260 _bHurst
260 _C1995
300 _axxi
300 _b 679p. 22cm.
650 _bBlack theology
650 _cTheology - South Africa
650 _dBlacks - South Africa - Religion
942 _2lcc
_03
999 _c6213
_d6213